Liquid crystals: (Record no. 11435)
[ view plain ]
| 000 -LEADER | |
|---|---|
| fixed length control field | 01909cam a22003257a 4500 |
| 001 - CONTROL NUMBER | |
| control field | 15135076 |
| 005 - DATE AND TIME OF LATEST TRANSACTION | |
| control field | 20080226160700.0 |
| 008 - FIXED-LENGTH DATA ELEMENTS--GENERAL INFORMATION | |
| fixed length control field | 080110s2007 njua b 001 0 eng d |
| 010 ## - LIBRARY OF CONGRESS CONTROL NUMBER | |
| LC control number | 2008296032 |
| 020 ## - INTERNATIONAL STANDARD BOOK NUMBER | |
| International Standard Book Number | 9789812705457 |
| 020 ## - INTERNATIONAL STANDARD BOOK NUMBER | |
| International Standard Book Number | 9812705457 |
| 035 ## - SYSTEM CONTROL NUMBER | |
| System control number | (OCoLC)ocn144226023 |
| 040 ## - CATALOGING SOURCE | |
| Original cataloging agency | BTCTA |
| Transcribing agency | BTCTA |
| Modifying agency | BAKER |
| -- | YDXCP |
| -- | CIT |
| -- | TJC |
| -- | DLC |
| 042 ## - AUTHENTICATION CODE | |
| Authentication code | lccopycat |
| 050 00 - LIBRARY OF CONGRESS CALL NUMBER | |
| Classification number | TA418.9.L54 |
| Item number | L576 2007 |
| 082 00 - DEWEY DECIMAL CLASSIFICATION NUMBER | |
| Classification number | 610.28 |
| Edition number | 22 |
| Item number | LIQ |
| 245 00 - TITLE STATEMENT | |
| Title | Liquid crystals: |
| Remainder of title | frontiers in biomedical applications / |
| Statement of responsibility, etc | editors Scott J. Woltman, Gregory P. Crawford, Gregory D. Jay. |
| 260 ## - PUBLICATION, DISTRIBUTION, ETC. (IMPRINT) | |
| Place of publication, distribution, etc | Hackensack, NJ : |
| Name of publisher, distributor, etc | World Scientific, |
| Date of publication, distribution, etc | c2007. |
| 300 ## - PHYSICAL DESCRIPTION | |
| Extent | xx, 493 p. : |
| Other physical details | ill. (some col.) ; |
| Dimensions | 24 cm. |
| 504 ## - BIBLIOGRAPHY, ETC. NOTE | |
| Bibliography, etc | Includes bibliographical references and index. |
| 505 0# - FORMATTED CONTENTS NOTE | |
| Formatted contents note | Liquid crystals: a unique phase of matter / Gregory P. Crawford and Scott J. Woltman -- Medical displays / Frederick Y. Biga, Francois I. Luks, John W. McMurdy and Gregory P. Crawford -- Liquid crystals in spectroscopy, microscopy and hyperspectral imaging / John W. McMurdy, Gregory P. Crawford and Selim Suner -- Liquid crystal biosensors / Maureen K. McCamley, Andrew W. Artenstein and Gregory P. Crawford -- Liquid crystal lasers / Scott J. Woltman -- Biomimicking with liquid crystals / Scott J. Woltman, John W. McMurdy, Gregory P. Crawford and Suraj P. Gorkhali -- Actuators and delivery systems / Leslie J. Shelton, Scott J. Woltman and Gregory P. Crawford. |
| 650 #0 - SUBJECT ADDED ENTRY--TOPICAL TERM | |
| Topical term or geographic name as entry element | Liquid crystals. |
| 9 (RLIN) | 4312 |
| 650 #0 - SUBJECT ADDED ENTRY--TOPICAL TERM | |
| Topical term or geographic name as entry element | Biomedical engineering. |
| 9 (RLIN) | 4313 |
| 700 1# - ADDED ENTRY--PERSONAL NAME | |
| Personal name | Woltman, Scott J. |
| 9 (RLIN) | 4314 |
| 700 1# - ADDED ENTRY--PERSONAL NAME | |
| Personal name | Crawford, Gregory Philip. |
| 9 (RLIN) | 4315 |
| 700 1# - ADDED ENTRY--PERSONAL NAME | |
| Personal name | Jay, Gregory D. |
| 9 (RLIN) | 4316 |
| 942 ## - ADDED ENTRY ELEMENTS (KOHA) | |
| Source of classification or shelving scheme | Dewey Decimal Classification |
| Item type | Book - Borrowing |
| Withdrawn status | Item status | Source of classification or shelving scheme | Damaged status | Not for loan | Vendor | Home library | Current library | Shelving location | Date acquired | Source of acquisition | Cost, normal purchase price | Serial Enumeration / chronology | Total Checkouts | Total Renewals | Full call number | Barcode | Date last seen | Date last borrowed | Koha item type |
|---|---|---|---|---|---|---|---|---|---|---|---|---|---|---|---|---|---|---|---|
| Dewey Decimal Classification | Baccah | Central Library | Central Library | First floor | 26/04/2009 | 720.00 | 7117 | 1 | 1 | 610.28 LIQ | 000016018 | 15/07/2025 | 22/11/2018 | Book - Borrowing |